030_ Personnalités nées un 30 janvier par images - Statistiques

Statistiques générales
  • Ce quiz a été pris 34 fois
  • Le résultat moyen est 3 sur 9
Statistiques - réponses
Par images Hint Réponse % Correct
Rappeur Kaaris
88%
Youtubeur Valouzz
58%
Dirigeant Politique Franklin Delano Roosevelt
48%
Rappeur Werenoi
48%
Roi Felipe VI
36%
Chanteur Phil Collins
24%
Dirigeant Politique Félix Faure
21%
Catcheuse Becky Lynch
6%
Actrice Vanessa Redgrave
0%
Aucun quiz correspondant
Distribution des résultats
% des personnes avec chaque résultat
Percentile par nombre de réponses
Votre historique - résultats
Vous n’avez pas pris ce quiz